Cour européenne des droits de l'homme, 4e éd. / (Record no. 870)
[ view plain ]
| 000 -LEADER | |
|---|---|
| fixed length control field | 01401cam a2200397Li 4500 |
| 001 - CONTROL NUMBER | |
| control field | ocn470806945 |
| 003 - CONTROL NUMBER IDENTIFIER | |
| control field | TZ-ArACH |
| 005 - DATE AND TIME OF LATEST TRANSACTION | |
| control field | 20180115104624.0 |
| 008 - FIXED-LENGTH DATA ELEMENTS--GENERAL INFORMATION | |
| fixed length control field | 080826s2008 fr 000 0 fre d |
| 015 ## - NATIONAL BIBLIOGRAPHY NUMBER | |
| National bibliography number | 00854013 |
| Source | bnf |
| 016 7# - NATIONAL BIBLIOGRAPHIC AGENCY CONTROL NUMBER | |
| Record control number | FRBNF413213400000008 |
| Source | FrPBN |
| 020 ## - INTERNATIONAL STANDARD BOOK NUMBER | |
| International Standard Book Number | 9782247078554 (br) |
| 020 ## - INTERNATIONAL STANDARD BOOK NUMBER | |
| International Standard Book Number | 2247078559 (br) |
| 035 ## - SYSTEM CONTROL NUMBER | |
| System control number | (OCoLC)470806945 |
| 040 ## - CATALOGING SOURCE | |
| Original cataloging agency | BDF |
| Language of cataloging | fre |
| Transcribing agency | TZ-ArACH |
| 041 ## - LANGUAGE CODE | |
| Language code of text/sound track or separate title | fre |
| 049 ## - LOCAL HOLDINGS (OCLC) | |
| Holding library | SZTA |
| 050 ## - LIBRARY OF CONGRESS CALL NUMBER | |
| Classification number | KJC5138 |
| Item number | .M37 2008 |
| 100 1# - MAIN ENTRY--PERSONAL NAME | |
| Personal name | Marguénaud, Jean-Pierre, |
| Dates associated with a name | 1951-.... |
| Relator code | aut |
| 9 (RLIN) | 1435 |
| 245 13 - TITLE STATEMENT | |
| Title | Cour européenne des droits de l'homme, 4e éd. / |
| Statement of responsibility, etc | Jean-Pierre Marguénaud,... |
| 250 ## - EDITION STATEMENT | |
| Edition statement | 4e éd. |
| 260 ## - PUBLICATION, DISTRIBUTION, ETC. (IMPRINT) | |
| Place of publication, distribution, etc | Paris : |
| Name of publisher, distributor, etc | Dalloz, |
| Date of publication, distribution, etc | impr. 2008 |
| Place of manufacture | (42-Saint-Just-la-Pendue : |
| Manufacturer | Impr. Chirat) |
| 300 ## - PHYSICAL DESCRIPTION | |
| Extent | 1 vol. (165 p.) : |
| Other physical details | couv. ill. ; |
| Dimensions | 17 cm. |
| 490 0# - SERIES STATEMENT | |
| Series statement | Connaissance du droit |
| 500 ## - GENERAL NOTE | |
| General note | Notes bibliogr. Index. |
| 610 27 - SUBJECT ADDED ENTRY--CORPORATE NAME | |
| Corporate name or jurisdiction name as entry element | Cour européenne des droits de l'homme. |
| Source of heading or term | ram |
| 9 (RLIN) | 1436 |
| 650 ## - SUBJECT ADDED ENTRY--TOPICAL TERM | |
| Topical term or geographic name as entry element | Droits de l'homme |
| Geographic subdivision | Europe |
| 9 (RLIN) | 1437 |
| 650 ## - SUBJECT ADDED ENTRY--TOPICAL TERM | |
| Topical term or geographic name as entry element | CEDH |
| 9 (RLIN) | 1438 |
| 650 ## - SUBJECT ADDED ENTRY--TOPICAL TERM | |
| Topical term or geographic name as entry element | ECHR |
| 9 (RLIN) | 1439 |
| 651 ## - SUBJECT ADDED ENTRY--GEOGRAPHIC NAME | |
| Geographic name | Europe |
| 9 (RLIN) | 1440 |
| 760 0# - MAIN SERIES ENTRY | |
| Title | Connaissance du droit (Paris)., |
| Place, publisher, and date of publication | 2008 |
| International Standard Serial Number | 1158-9515 |
| Record control number | (FrPBN)34271095 |
| 856 42 - ELECTRONIC LOCATION AND ACCESS | |
| Materials specified | Notice et cote du catalogue de la Bibliothèque nationale de France |
| Uniform Resource Identifier | <a href="http://catalogue.bnf.fr/ark:/12148/cb41321340v">http://catalogue.bnf.fr/ark:/12148/cb41321340v</a> |
| 886 1# - FOREIGN MARC INFORMATION FIELD | |
| 2 | intermrc |
| a | 009 |
| b | a--d--------------- |
| 886 2# - FOREIGN MARC INFORMATION FIELD | |
| 2 | intermrc |
| a | 680 |
| b | 0- |
| a | 340 |
| b | 340 |
| 942 ## - ADDED ENTRY ELEMENTS (KOHA) | |
| Source of classification or shelving scheme | Library of Congress Classification |
| Koha item type | Books |
| Home library | Current library | Shelving location | Date acquired | Full call number | Barcode | Koha item type |
|---|---|---|---|---|---|---|
| African Court on Human and Peoples' Rights Library | African Court on Human and Peoples' Rights Library | 01/09/2010 | KJC5138 .M37 2008 | 1001005X | Books | |
| African Court on Human and Peoples' Rights Library | African Court on Human and Peoples' Rights Library | 01/09/2010 | KJC5138 .M37 2008 | 10010017 | Books | |
| African Court on Human and Peoples' Rights Library | African Court on Human and Peoples' Rights Library | 01/09/2010 | KJC5138 .M37 2008 | 10009973 | Books | |
| African Court on Human and Peoples' Rights Library | African Court on Human and Peoples' Rights Library | 01/09/2010 | KJC5138 .M37 2008 | 10009930 | Books | |
| African Court on Human and Peoples' Rights Library | African Court on Human and Peoples' Rights Library | 30/06/2011 | KJC5138 .M37 2008 | 10012893 | Books |
